Fingame <The> Financial Management Decision Game
Salvato in:
| Autore principale: | |
|---|---|
| Natura: | Libro |
| Lingua: | inglese |
| Pubblicazione: |
Homewood
Irwin
1987
|
| Edizione: | 3. ed. |
| Soggetti: | |
| Tags: |
Nessun Tag, puoi essere il primo ad aggiungerne!!
|
MARC
| LEADER | 00000nam a2200000 4500 | ||
|---|---|---|---|
| 001 | c004815 | ||
| 005 | 20221219121048.4 | ||
| 020 | |a 0-256-03353-6 | ||
| 041 | 0 | |a eng | |
| 044 | |a US | ||
| 245 | 1 | 0 | |a Fingame |b <The> Financial Management Decision Game |c Leroy D. Brooks |
| 250 | |a 3. ed. | ||
| 264 | 1 | |a Homewood |b Irwin |c 1987 | |
| 300 | |a 118 s. | ||
| 610 | 2 | 0 | |a Fingame |
| 610 | 2 | 0 | |a hry ekonomické |
| 610 | 2 | 0 | |a manažment finančný |
| 610 | 2 | 0 | |a rozhodovanie |
| 610 | 2 | 0 | |a počítače osobné |
| 100 | 1 | |a Brooks, Leroy D. | |